Mapa de Municipios de Nuevo León - Estadísticas

Estadísticas generales
  • Esta prueba ha sido intentada 19 veces
  • La puntuación promedio es 11 de 51
Respuestas en el mapa
Las respuestas están codificadas por una escala verde-roja en el mapa de la prueba según el % correcto abajo.
 
Estadísticas de respuestas
Respuesta % Correcto
Monterrey
88%
García
63%
San Pedro Garza García
63%
Anáhuac
50%
Apodaca
50%
San Nicolás de los Garza
50%
Santa Catarina
50%
China
38%
El Carmen
38%
Guadalupe
38%
Juárez
38%
Montemorelos
38%
Pesquería
38%
Santiago
38%
Abasolo
25%
Allende
25%
Ciénega de Flores
25%
General Escobedo
25%
Hidalgo
25%
Hualahuises
25%
Lampazos de Naranjo
25%
Linares
25%
Salinas Victoria
25%
Villaldama
25%
Agualeguas
13%
Bustamante
13%
Cadereyta Jiménez
13%
Doctor Arroyo
13%
Galeana
13%
General Zuazua
13%
Marín
13%
Mier y Noriega
13%
Mina
13%
Sabinas Hidalgo
13%
Vallecillo
13%
Aramberri
0%
Cerralvo
0%
Doctor Coss
0%
Doctor González
0%
General Bravo
0%
General Terán
0%
General Treviño
0%
General Zaragoza
0%
Higueras
0%
Iturbide
0%
Los Aldamas
0%
Los Herreras
0%
Los Ramones
0%
Melchor Ocampo
0%
Parás
0%
Rayones
0%
No se encontraron pruebas coincidentes
Distribución de puntuación
Porcentaje de gente con cada puntuación
Porcentaje por número respondido
Historial de tus puntuaciones
No has intentado esta prueba.